| 000 | 01595cam a2200361 a 4500 | ||
|---|---|---|---|
| 999 |
_c129749 _d129749 |
||
| 001 | 4963005 | ||
| 003 | ARRUPE | ||
| 005 | 20190827104336.0 | ||
| 008 | 970709s1998 coua b 001 0ceng | ||
| 010 | _a 97026662 | ||
| 020 | _a0813333652 (alk. paper) | ||
| 020 | _a0813333660 (pbk. : alk. paper) | ||
| 040 |
_aDLC _cDLC _dDLC |
||
| 041 | 1 |
_aeng _hrus |
|
| 043 | _ae-ur--- | ||
| 050 | 0 | 0 |
_aHQ1662 _b.R43 1998 |
| 082 | 0 | 0 |
_a305.42/092/247 _221 |
| 245 | 0 | 2 |
_aA revolution of their own : _bvoices of women in Soviet history / _cedited by Barbara Alpern Engel and Anastasia Posadskaya-Vanderbeck ; translated by Sona Hoisington. |
| 260 |
_aBoulder, Colo : _bWestview Press, _c1998. |
||
| 300 |
_ax, 236 p. : _bill. ; _c24 cm. |
||
| 504 | _aIncludes bibliographical references (p. 229-230) and index. | ||
| 650 | 0 |
_aWomen _zSoviet Union _xSocial conditions _xCase studies. _947930 |
|
| 650 | 0 |
_aWomen and communism _zSoviet Union _xCase studies. _947931 |
|
| 650 | 0 |
_aWomen _zSoviet Union _xBiography. _947932 |
|
| 700 | 1 |
_aEngel, Barbara Alpern. _947933 |
|
| 700 | 2 |
_aPosadskaya-Vanderbeck, Anastasia. _947934 |
|
| 700 | 1 |
_aHoisington, Sona Stephan, 1941- _947935 |
|
| 856 | 4 | 2 |
_3Contributor biographical information _uhttp://www.loc.gov/catdir/enhancements/fy0832/97026662-b.html |
| 856 | 4 | 2 |
_3Publisher description _uhttp://www.loc.gov/catdir/enhancements/fy0832/97026662-d.html |
| 906 |
_a7 _bcbc _corignew _d1 _eocip _f19 _gy-gencatlg |
||
| 942 |
_2lcc _cMONOGRAPH |
||